Statistics for Countries that have Been at War with Spain

Click here to take the quiz!

General Stats

  • This quiz has been taken 206 times
  • The average score is 34 of 84

Answer Stats

YearWarAnswer% Correct
1526War of the League of CognacEngland
99%
1494Italian WarFrance
99%
1941World War IIUnited Kingdom
99%
1895Cuban War of IndependenceUnited States
99%
1640War of Portuguese RestorationPortugal
94%
1810Mexican War of IndependenceMexico
91%
1733War of the Polish SuccessionRussia
87%
1810Argentine War of IndependenceArgentina
86%
1809War of the Fourth CoalitionNapoleonic Italy
86%
1733War of the Polish SuccessionAustria
85%
1810Chilean War of IndependenceChile
84%
1811Peruvian War of IndependencePeru
84%
1497Conquest of MelillaMorocco
82%
1813War of the Sixth CoalitionDenmark-Norway
80%
1811Venezuelan War of IndepenenceGran Colombia
80%
1811Venezuelan War of IndepenenceVenezuela
80%
1568Eighty Years WarUnited Provinces of the Netherlands
79%
1815Ecuadoran War of IndependenceEcuador
77%
1941World War IIPoland
77%
1630Thirty Years WarSweden
77%
1499Second Ottoman- Venetian WarOttoman Empire
72%
1809Bolivian War of IndependenceBolivia
71%
1896Filipino War of IndependencePhilippine Republic
69%
1900Siege of the International LegationsChina
68%
1991Gulf WarIraq
66%
1579Second Desmond RebelleonIreland
65%
1518Siege of TlemcenAlgeirs/Ottoman Algeria
61%
2011Libyan InterventionLibya
61%
1992Bosnian InterventionSerbia and Montenegro
59%
1863Dominican Restoration WarDominican Republic
57%
1809War of the Fourth CoalitionSwitzerland
56%
1630Thirty Years WarBrandenburg-Prussia
53%
1733War of the Polish SuccessionPrussia
53%
1941World War IISoviet Union
53%
1501Italian WarVenice
50%
1501Italian WarPapal States
45%
1513War of the League of CambraiScotland
44%
1803War of the Third CoalitionSicily
44%
1499Italian WarNaples
42%
1618Thirty Years WarBohemia
39%
1718War of the Quadruple AllianceHoly Roman Empire
39%
1798War of the Second CoalitionMalta
36%
1482Granada War/ReconquistaGranada
34%
1531Conquest of the IncasIncan Empire
31%
1519Conquest of the AztecsAztec Empire
29%
1742War of the Austrian SuccessionSardinia
28%
1499Italian WarMilan
27%
1630Thirty Years WarSaxony
24%
1625First Genoese-Savoyard WarSavoy
21%
1798War of the Second CoalitionTuscany
21%
1640Franco-Spanish WarCatalonia
20%
1992Somali Civil WarSomalia
19%
1526War of the League of CognacFlorence
18%
1635Franco-Spanish WarParma
17%
1610War of the Julich SuccessionBrandenburg
15%
1740War of the Austrian SuccessionHanover
13%
1526Austrian-Ottoman WarsWallachia
13%
1647Franco-Spanish WarModena
12%
1602Dutch-Portuguese WarNdonga
12%
1809War of the Fourth CoalitionHolland
11%
1809War of the Fourth CoalitionConfederation of the Rhine
9%
1920Rif WarRepublic of the Rif
9%
1551Italian WarSiena
9%
1526Austrian-Ottoman WarsTransylvania
9%
1618Thirty Years WarElectorate of the Palatinate
8%
1762Seven Years WarBrunswick
7%
1593Cambodian-Spanish WarCambodia
7%
1511War of the League of CambraiFerrara
7%
1526Austrian-Ottoman WarsMoldavia
7%
1568Eighty Years WarNassau
7%
1578Castillan WarBrunei
6%
1542Italian WarJulich-Cleves-Berg
6%
1526Austrian-Ottoman WarsCrimea
5%
1602Dutch-Portuguese WarKandy
5%
1672Franco-Dutch WarCologne
4%
1526Austrian-Ottoman WarsCossack Hetmanate
4%
1602Dutch-Portuguese WarKongo
4%
1762Seven Years WarSchaumburg-Lippe
4%
1505Spanish CrusadeTlemcen
4%
1672Franco-Dutch WarMunster
3%
1811Venezuelan War of IndepenenceNew Granada
3%
1813War of the Sixth CoalitionWarsaw
3%
1505Spanish CrusadeHasfid Kingdom
2%
1602Dutch-Portuguese WarJohor Sultanate
2%

Score Distribution

Percentile by Number Answered

Percent of People with Each Score

Your Score History

You have not taken this quiz